The world bank group in the Americas
Shranjeno v:
| Format: | Knjiga |
|---|---|
| Jezik: | Undetermined |
| Izdano: |
Washington
International Development Association
1972
|
| Teme: | |
| Oznake: |
Označite
Brez oznak, prvi označite!
|
| Thư viện lưu trữ: | Trung tâm Học liệu Trường Đại học Cần Thơ |
|---|
| LEADER | 00474nam a2200157Ia 4500 | ||
|---|---|---|---|
| 001 | CTU_84888 | ||
| 008 | 210402s9999 xx 000 0 und d | ||
| 082 | |a 332.1 | ||
| 082 | |b W927 | ||
| 245 | 4 | |a The world bank group in the Americas | |
| 260 | |a Washington | ||
| 260 | |b International Development Association | ||
| 260 | |c 1972 | ||
| 650 | |a economic conditions,loans, foreign,world bank | ||
| 650 | |z latin america | ||
| 980 | |a Trung tâm Học liệu Trường Đại học Cần Thơ | ||